| 000 | 00380nam a2200157Ia 4500 | ||
|---|---|---|---|
| 008 | 210716s2009 xx 000 0 und d | ||
| 020 | _a9788131505571 | ||
| 041 | _aeng | ||
| 082 | _a004.65 WHIC | ||
| 100 | _aWhite, Curt M. | ||
| 245 | _aData communications and networking. | ||
| 250 | _a1 | ||
| 260 |
_aNew Delhi _bCengage Learning _c2009 |
||
| 300 | _a421 | ||
| 650 | _aNone | ||
| 999 |
_c192920 _d192920 |
||